|
|
|
|
| LEADER |
01150nam a2200313 a 4500 |
| 001 |
41121 |
| 003 |
BD-DhAAL |
| 005 |
20230417130829.0 |
| 008 |
230417t1988 mnu 001 0 eng |
| 010 |
|
|
|a 88012060
|
| 020 |
|
|
|a 031440807X (pbk.)
|
| 040 |
|
|
|a DLC
|c DLC
|d DLC
|d BD-DhAAL
|
| 043 |
|
|
|a n-us---
|
| 050 |
0 |
0 |
|a KF3817
|b .F56 1988
|
| 082 |
0 |
0 |
|a 347.30446
|2 19
|
| 100 |
1 |
|
|a Findley, Roger W.
|9 54083
|
| 245 |
1 |
0 |
|a Environmental law in a nutshell /
|c by Roger W. Findley and Daniel A. Farber.
|
| 250 |
|
|
|a Second edition
|
| 260 |
|
|
|a St. Paul, Minn. :
|b West Pub. Co.,
|c 1988.
|
| 300 |
|
|
|a xxxvii, 367 pages ;
|c 19 cm.
|
| 490 |
1 |
|
|a West Nutshell series
|
| 500 |
|
|
|a Includes index.
|
| 541 |
|
|
|a Donated by Akbar Ali Khan
|e 41121
|
| 650 |
|
0 |
|a Environmental law
|z United States.
|
| 700 |
1 |
|
|a Farber, Daniel A.,
|d 1950-
|9 54084
|
| 830 |
|
0 |
|a Nutshell series.
|9 10339
|
| 942 |
|
|
|2 ddc
|c BK
|
| 999 |
|
|
|c 45685
|d 45685
|
| 952 |
|
|
|0 0
|1 0
|2 ddc
|4 0
|6 347_304460000000000_FIN
|7 1
|9 73563
|a BRACUL
|b BRACUL
|c AAKC
|d 2023-04-17
|e Donated by Akbar Ali Khan
|g 654.14
|l 0
|o 347.30446 FIN
|p 3010041121
|r 2023-04-17
|t 1
|v 654.14
|w 2023-04-17
|y BK
|x $6.10 Price available in book
|